000 00300nam a22000977a 4500
008 150616b xxu||||| |||| 00| 0 eng d
010 _8HCCRSF:001
245 _aHIGH COURT CRIMINAL SESSION No.129 of 1964 Uganda Vs Yakobo Andima
260 _aHigh Court Kampala
500 _3Before: The Hon.Mr. Justice Faud
999 _c6260
_d6260